| 000 | 00496nam a2200181Ia 4500 | ||
|---|---|---|---|
| 003 | LK-CoDNM | ||
| 005 | 20240318122325.0 | ||
| 008 | 010623t1906 xxu||||| |||| 00| 1 Pali d | ||
| 040 |
_aLK-CoDNM _dLK-CoDNM _eLK-CoDNM |
||
| 041 |
_aPali _asin |
||
| 080 | _a104 II10 | ||
| 100 | _aGunarathana,S.P | ||
| 245 | _aශ්රී සද්ධර්ම සාගරය | ||
| 246 | _aSri Saddharma Sagaraya | ||
| 260 |
_bVidyaloka press _aGalle _c1906 |
||
| 300 |
_bDamaged _a14p.,22 cm |
||
| 942 | _cBK | ||
| 999 |
_c86360 _d86360 |
||